Catálogo público

Pequeño Larousse ilustrado, 1990 / (Record no. 163119)

MARC details
000 -CABECERA
campo de control de longitud fija 00806nam a2200289Ia 4500
001 - NÚMERO DE CONTROL
campo de control Z_147
003 - IDENTIFICADOR DEL NÚMERO DE CONTROL
campo de control CHAP
005 - FECHA Y HORA DE LA ÚLTIMA TRANSACCIÓN
campo de control 20241128090437.0
008 - DATOS DE LONGITUD FIJA--INFORMACIÓN GENERAL
campo de control de longitud fija 220113s1988 xx 000 0 und d
010 ## - NÚMERO DE CONTROL DE LA BIBLIOTECA DEL CONGRESO
Número de control de LC 163119
020 ## - NÚMERO INTERNACIONAL ESTÁNDAR DEL LIBRO
Número Internacional Estándar del Libro 968-6147-70-5 (Ediciones Larousse) \ 2-03-450053-9 (Librarie Larousee)
040 ## - FUENTE DE LA CATALOGACIÓN
Centro/agencia transcriptor CHAP
082 ## - NÚMERO DE LA CLASIFICACIÓN DECIMAL DEWEY
Número de clasificación C 463
Número de documento/Ítem G37 1990
Número de edición 20
100 ## - ENTRADA PRINCIPAL--NOMBRE DE PERSONA
Nombre de persona García-Pelayo y Gross, Ramón
9 (RLIN) 46826
245 ## - MENCIÓN DE TÍTULO
Título Pequeño Larousse ilustrado, 1990 /
Mención de responsabilidad, etc. Ramón García-Pelayo y Gross
250 ## - MENCIÓN DE EDICIÓN
Mención de edición 14a ed.
260 ## - PUBLICACIÓN, DISTRIBUCIÓN, ETC.
Lugar de publicación, distribución, etc. México :
Nombre del editor, distribuidor, etc. Larousse,
Fecha de publicación, distribución, etc. 1988
300 ## - DESCRIPCIÓN FÍSICA
Extensión 1663 p.
503 ## - NOTA DE HISTORIA BIBLIOGRÁFICA (BK CF MU) [OBSOLETO]
Nota de historia bibliográfica ej.1: C/E
650 ## - PUNTO DE ACCESO ADICIONAL DE MATERIA--TÉRMINO DE MATERIA
Término de materia o nombre geográfico como elemento de entrada Enciclopedias y diccionarios
9 (RLIN) 36750
650 ## - PUNTO DE ACCESO ADICIONAL DE MATERIA--TÉRMINO DE MATERIA
Término de materia o nombre geográfico como elemento de entrada Español
Subdivisión general Diccionarios
9 (RLIN) 37725
901 ## - ELEMENTOS DE DATOS A LOCAL LDA (RLIN)
a 463 G37
902 ## - ELEMENTOS DE DATOS B LOCAL, LDB (RLIN)
a M
910 ## - DATOS DE OPCIÓN DEL USUARIO (OCLC)
Datos de opción del usuario 1988
942 ## - ELEMENTOS DE PUNTO DE ACCESO ADICIONAL (KOHA)
Tipo de ítem Koha Libro_
Fuente del sistema de clasificación o colocación Dewey Decimal Classification
942 ## - ELEMENTOS DE PUNTO DE ACCESO ADICIONAL (KOHA)
Tipo de ítem Koha
Fuente del sistema de clasificación o colocación Dewey Decimal Classification
Holdings
Estado de retiro Estado de pérdida Fuente del sistema de clasificación o colocación Estado dañado Restricciones de uso No para préstamo Código de colección Localización permanente Ubicación/localización actual Fecha de adquisición Fuente de adquisición Número de inventario Signatura topográfica completa Código de barras Fecha visto por última vez Número de copia Precio válido a partir de Tipo de ítem Koha
    Dewey Decimal Classification   Préstamo interno   Consulta Zootecnia Zootecnia 09/11/2005 Compra C/E C 463 G37 1990 5103000633 18/01/2022 Ej.1 18/01/2022 Libro